Statistics for All-Time Dallas Stars

Click here to take the quiz!

General Stats

  • This quiz has been taken 85 times
  • The average score is 5 of 13

Answer Stats

PositionAnswer% Correct
1st Line CModano
96%
1st Line LWSeguin
75%
Starting GoalieBelfour
58%
Backup GoalieTurco
56%
1st Line DZubov
53%
CoachHitchcock
42%
2nd Line RWLehtinen
42%
2nd Line DSydor
17%
2nd Line LWLangenbrunner
15%
2nd Line CRibeiro
13%
1st Line DRobidas
10%
2nd Line DGoligoski
3%
1st Line RWJágr
3%

Score Distribution

Percentile by Number Answered

Percent of People with Each Score

Your Score History

You have not taken this quiz